Normal view
MARC view
- الفسيفساء-الفنون الزخرفية-الآثار
Entry Topical Term
001 - CONTROL NUMBER
- control field: 51344
003 - CONTROL NUMBER IDENTIFIER
- control field: JO-AjAnu
005 - DATE AND TIME OF LATEST TRANSACTION
- control field: 20230606082440.0
008 - FIXED-LENGTH DATA ELEMENTS
- fixed length control field: 230606|| aca||aabn | a|a d
040 ## - CATALOGING SOURCE
- Original cataloging agency: JO-AjAnu
- Transcribing agency: JO-AjAnu
150 ## - HEADING--TOPICAL TERM
- Topical term or geographic name entry element: الفسيفساء-الفنون الزخرفية-الآثار
670 ## - SOURCE DATA FOUND
- Source citation: Work cat.: (JO-AjAnu)26240: تاليف بظاظو, إبراهيم، م.مشارك احمد العمايرة ، م.مشارك امجد عوض , author 51343, صيانة وحماية الفسيفساء :دراسة في السياحة المستدامة